000 00872nam a2200265 a 4500
001 sjdsz9plea b1434976
003 sjds
005 20200507193820.0
008 070328s2006 flu j 000 1 spa d
010 _abl2007007030
020 _a9781598205190 (pbk.)
020 _a1598205196 (pbk.)
040 _aNjBwBT
_cNjBwBT
041 1 _aspa
_heng
100 1 _aSoto, Gary.
245 1 0 _aBeisbol en abril y otros cuentos /
_cGary Soto.
260 _aMiami, Fla. :
_bAlfaguara :
_bSantillana USA Pub. Co.,
_c2006.
300 _a49 p. ;
_c20 cm.
490 0 _aAlfaguara infantil.
520 _aCollects eleven short stories focusing on the everyday adventures of Chicano young people growing up in Fresno, California.
650 1 _aMexican Americans
_zCalifornia
_vFiction.
650 1 _aShort stories.
650 1 _aSpanish language materials.
942 _cBK
_2ddc
999 _c24578
_d24578